000 00600nam a22002057a 4500
999 _c7399
_d7399
003 OSt
005 20211026124400.0
008 211026b ||||| |||| 00| 0 eng d
020 _a1883620309
040 _cDDC
082 _aWB18I1i 1988
100 _aIserson,Kenneth V.;
_915154
245 _aIserson's Getting into a Residency.
_bA Guide for Medical Students.
_cEdited by Iserson,Kenneth V.;
250 _a6th Ed.
260 _aUSA
_bGalen Press,Ltd.
_c1988
300 _axvii,612p;
_bill;
_c24cm.
504 _aIncludes; References and Index.
650 _aBiology.
_95602
942 _2ddc
_cO_SHELF